Statistics for U.S States With The Most Golf Courses

Click here to take the quiz!

General Stats

  • This quiz has been taken 99 times
  • The average score is 12 of 14

Answer Stats

# Of CoursesU.S State% Correct
1,044Florida
100%
827Texas
100%
940California
99%
407Georgia
93%
833New York
93%
824Michigan
84%
546North Carolina
83%
762Ohio
83%
671Illinois
80%
697Pennsylvania
77%
504WIsconsin
74%
448Indiana
66%
484Minnesota
64%
410Iowa
58%

Score Distribution

Percentile by Number Answered

Percent of People with Each Score

Your Score History

You have not taken this quiz